Statistics for Every Juice WRLD Song on the Billboard Hot 100

Click here to take the quiz!

General Stats

  • This quiz has been taken 646 times
    (6 since last reset)
  • The average score is 27 of 53

Answer Stats

#YearSong% Correct
22018Lucid Dreams
100%
672018Wasted ft. Lil Uzi Vert
100%
52020Wishing Well
100%
412018All Girls Are the Same
83%
512020Go! (Kid LAROI)
83%
102020Hate The Other Side (Marshmello) ft. Polo G & The Kid LAROI
83%
22020Come & Go (Marshmello)
83%
102019Bandit (YoungBoy Never Broke Again)
83%
682018Lean wit Me
83%
72020Conversations
83%
412019Empty
67%
382020Tell Me U Luv Me (Trippie Redd)
67%
472019Fast
67%
342020Stay High
67%
302020Flex (Polo G)
67%
292019Legends
67%
272019Robbery
67%
442018Armed and Dangerous
67%
162020Bad Energy
67%
122020Blood On My Jeans
67%
112020Righteous
67%
512020Man Of The Year
50%
562019Hate Me (Ellie Goulding)
50%
502020Can't Die
50%
652019Maze
50%
722020Real Shit (benny blanco)
50%
632018Nuketown (Ski Mask the Slump God)
50%
422020Up Up And Away
50%
462020Screw Juice
50%
222021Bad Boy (Young Thug)
50%
82020Smile (The Weeknd)
50%
142020Titanic
50%
92020Life's A Mess (Halsey)
50%
262018Fine China (Future)
50%
352020Fighting Demons
50%
382019Hear Me Calling
50%
5520181400 / 999 Freestyle (Trippie Redd)
33%
912019Flaws And Sins
33%
852019Roses (benny blanco) ft. Brendon Urie
33%
782019Let Me Know (I Wonder Why Freestyle)
33%
32020Godzilla (Eminem)
33%
472020I Want It
33%
722018Jet Lag (Future) ft. Young Scooter
17%
382020PTSD (G Herbo) ft. Chance The Rapper & Lil Uzi Vert
17%
202020Suicidal (YNW Melly)
17%
792020Blastoff (Internet Money) ft. Trippie Redd
17%
822018Astronauts (Future)
17%
6020196 Kiss (Trippie Redd) ft. YNW Melly
17%
902019Demons and Angels (A Boogie wit da Hoodie)
17%
922018Make It Back
17%
912018Yacht Club (Lil Yachty)
0%
582018MoshPit (Kodak Black)
0%
972021Life Is A Mess II (Clever & Post Malone)
0%

Score Distribution

Percentile by Number Answered

Percent of People with Each Score

Your Score History

You have not taken this quiz since the last reset